| 000 | 00766 a2200193 4500 | ||
|---|---|---|---|
| 003 | Nust | ||
| 005 | 20240130124600.0 | ||
| 020 | _a6466016 | ||
| 040 | _cNust | ||
| 082 | _a530,REI | ||
| 100 |
_aF.Reif _923726 |
||
| 245 |
_aStatistical physics / _cF.Reif |
||
| 250 |
_aVolume - 5 _bBerkeley Phsics Course |
||
| 260 |
_aNew York _bMcGraw Hill _c1964 |
||
| 300 | _axxi, 398p. | ||
| 505 | _aCharacteristic Features of Macroscopic Systems (Page-1), Basic Probability Concepts (Page-55), Statistical Description of Systems of Practices (Page-99), Thermal Interaction (Page-141), Microscopic Theory and Macroscopic Measurements (Page-191), Canonical Distribution in the Classical Approximation (Page-223). | ||
| 650 |
_aVol : 5 _9103648 |
||
| 942 |
_2ddc _cBK _k530,REI |
||
| 999 |
_c180582 _d180582 |
||